000
00327nam a2200133Ia 4500
005
20251013221652.0
008
251010s9999 xx 000 0 und d
041
_a
eng
100
_a
Krishnamurthy, Y.
_9
214390
245
_a
Posthumous Papers Of The Pickwde Club
250
_a
1st
260
_b
Macmillan
_c
1996
300
_a
204
999
_c
368672
_d
368672